000 00615nam 22001813 4500
001 201637
090 _a201637
100 _a20260407d u||y0pory50 ba
200 _aMarília de Dirceu de Tomás António Gonzaga ou a poesia como imitação e pintura
_fFernando Cristóvão
210 _a[Lisboa]
_cImprensa Nacional-Casa da Moeda
_d1981
215 _a168, [8] p.
_cil. ; brochado
_d25 cm
225 _aTemas portugueses
606 _93661
_aCrítica Literária.Estudos Literários
675 _a82.09
_vPT
_zpor
700 _917040
_aCristóvão
_bFernando
_f1929-
801 _aPT
_bBMMN
_gRPC
830 _cVanda
990 _cLIVROS